BSOP header

War and peace : (Record no. 36311)

MARC details
000 -LEADER
fixed length control field 00732nam a22002297a 4500
005 - DATE AND TIME OF LATEST TRANSACTION
control field 20140520110335.0
008 - FIXED-LENGTH DATA ELEMENTS--GENERAL INFORMATION
fixed length control field 130321b enk||||| |||| 00| 0 eng d
020 ## - INTERNATIONAL STANDARD BOOK NUMBER
International Standard Book Number 0567089738
020 ## - INTERNATIONAL STANDARD BOOK NUMBER
International Standard Book Number 0567089746
245 ## - TITLE STATEMENT
Title War and peace :
Remainder of title a reader /
Statement of responsibility, etc edited by Jeff Astley, David Brown, and Ann Loades.
260 ## - PUBLICATION, DISTRIBUTION, ETC. (IMPRINT)
Place of publication, distribution, etc London :
Name of publisher, distributor, etc T & T Clark,
Date of publication, distribution, etc 2003.
300 ## - PHYSICAL DESCRIPTION
Extent viii, 111 p. ;
Dimensions 23 cm.
490 ## - SERIES STATEMENT
Series statement Problems in theology ;
Volume number/sequential designation 3
500 ## - GENERAL NOTE
General note "A Continuum imprint."
504 ## - BIBLIOGRAPHY, ETC. NOTE
Bibliography, etc Includes bibliographical references (p. [99]-105) and indexes.
650 ## - SUBJECT ADDED ENTRY--TOPICAL TERM
Topical term or geographic name as entry element Peace
General subdivision Religious aspects
650 ## - SUBJECT ADDED ENTRY--TOPICAL TERM
Topical term or geographic name as entry element War
General subdivision Religious aspects
700 ## - ADDED ENTRY--PERSONAL NAME
Personal name Astley, Jeff.
700 ## - ADDED ENTRY--PERSONAL NAME
Personal name Brown, David
Dates associated with a name 1948-
700 ## - ADDED ENTRY--PERSONAL NAME
Personal name Loades, Ann
942 ## - ADDED ENTRY ELEMENTS (KOHA)
Source of classification or shelving scheme Library of Congress Classification
Item type Books
Holdings
Withdrawn status Lost status Source of classification or shelving scheme Damaged status Not for loan Home library Current library Shelving location Date acquired Source of acquisition Accession number Total Checkouts Full call number Barcode Date last seen Price effective from Koha item type
    Library of Congress Classification     BSOP Library BSOP Library General Circulation 11/11/2011 Theological Book Network 35126   BL65.W2 W19a 2003 00042189 03/21/2013 03/21/2013 Books
BSOP

Biblical Seminary of the Philippines
  All rights Reserved
  © 2024

CONTACT INFORMATION

Biblical Seminary of the Philippines,
  77-B Karuhatan Road, Valenzuela City,
  PHILIPPINES 1441
  Phone: +632 8292-6795 / 8292-6798
  Fax : +632 8292-6675
  Email: library@bsop.edu.ph